Bengali prose style 1800-1857/ (Record no. 160460)

MARC details
000 -LEADER
fixed length control field 00579nam a22001937a 4500
005 - DATE AND TIME OF LATEST TRANSACTION
control field 20190130151300.0
010 ## - LCCN (DPL NO)
LC control number ENG-124669
020 ## - INTERNATIONAL STANDARD BOOK NUMBER
International Standard Book Number 9789387429031
Terms of availability 350.00
035 ## - SYSTEM CONTROL NUMBER
System control number EN-108201
037 ## - SOURCE OF ACQUISITION
Source of stock number/acquisition DBAD/PUB
082 ## - DEWEY DECIMAL CLASSIFICATION NUMBER
Classification number 863.04
100 ## - MAIN ENTRY--PERSONAL NAME
Personal name Sen, Dinesh Chandra
245 ## - TITLE STATEMENT
Title Bengali prose style 1800-1857/
Statement of responsibility, etc by Dinesh Chandra Sen ; edited by Nabendu Sen
260 ## - PUBLICATION, DISTRIBUTION, ETC. (IMPRINT)
Place of publication, distribution, etc Kolkata
Name of publisher, distributor, etc Sahityaloke
Date of publication, distribution, etc 2018
270 ## - ADDRESS
Address 57 A, Karbala Tank Lane,
City Kolkata
Postal code 700006
300 ## - PHYSICAL DESCRIPTION
Extent 131p.
Dimensions 22cm (Hb)
700 ## - ADDED ENTRY--PERSONAL NAME
Personal name Sen, Nabendu
942 ## - ADDED ENTRY ELEMENTS (KOHA)
Source of classification or shelving scheme Dewey Decimal Classification
Item type English Books
Call number suffix SEN
Classification part 863.04
Holdings
Withdrawn status Lost status Not for loan Collection code Home library Current library Date acquired Source of acquisition Cost, normal purchase price Full call number Barcode Copy number Cost, replacement price Koha item type
    Not For Loan Non-fiction D.B.Act.Division Patel Nagar 30/01/2019 DBAD/PUB 350.00 863.04 SEN EN-108201 1 350.00 English Books

© Delhi Public Library
Hit Counter
free hit counter